000 00720nam a2200217Ii 4500
003 JO-AjNU
008 230605s9999||||xx |||||||||||||| ||und||
020 _a978-2-7451-0832-6 / 2-7451-0832-8
040 _aJO-AjNU
_bara
_erda
_cJO-AjNU
041 _aara
050 1 4 _aPJ7698.H3.A17 2011
100 3 _aشرحه وكتب هوامشه عبد أ.مهنا,
_eauthor
_933670
245 0 0 _aديوان حسان بن ثابت
250 _aط5
264 3 1 _aبيروت:دار الكتب العلمية،2011
300 _a260ص
336 _atext
_btxt
_2rdacontent
337 _aunmediated
_bn
_2rdamedia
338 _avolume
_bnc
_2rdacarrier
650 4 _aالشعر العربي - عصر صدر الإسلام
_933671
999 _aA13728
_c17296
_d17296